LIBRARY & INFORMATION CENTRE, KCAET, TAVANUR

ONLINE PUBLIC ACCESS CATALOGUE (OPAC)

Mechanical vibrations (Record no. 13916)

MARC details
000 -LEADER
fixed length control field 00248nam a22001097a 4500
020 ## - INTERNATIONAL STANDARD BOOK NUMBER
ISBN 9788126530908
082 ## - DEWEY DECIMAL CLASSIFICATION NUMBER
Classification number 620.3
Item number NAG/ME
100 ## - MAIN ENTRY--AUTHOR NAME
Personal name Nag, Debabrata
245 ## - TITLE STATEMENT
Title Mechanical vibrations
260 ## - PUBLICATION, DISTRIBUTION, ETC. (IMPRINT)
Place of publication New Delhi
Name of publisher Wiley India
Year of publication 2011
942 ## - ADDED ENTRY ELEMENTS (KOHA)
Koha item type Books
Holdings
Withdrawn status Lost status Damaged status Collection code Home library Current library Shelving location Date acquired Source of acquisition Cost, normal purchase price Full call number Accession Number Koha item type
      Non-fiction KAUAET KAUAET General Stacks 30/03/2013 Calicut Book Distributors 439.00 620.3 NAG/ME 23654 Books
free website counter